|
|
|
|
| LEADER |
00922nam a2200205 a 4500 |
| 001 |
GR-MES7155 |
| 008 |
970101s gr 000 0 gre d |
| 020 |
|
|
|a 9022009041
|
| 040 |
|
|
|a GrPaTEI
|b gre
|c GR-PaULI
|
| 040 |
|
|
|a GrPaTEI
|b gre
|c GR-PaULI
|
| 245 |
0 |
0 |
|a Potato research of tomorrow :
|b Drought tolerance,virus resistance and analytic breeding methods.Proceedings of an international seminar,Wageningen,Netherlands,30-31 Ocrober 1985 /
|c CIP.
|
| 260 |
|
|
|a Wageningen :
|b CIP,
|c 1986
|
| 300 |
|
|
|a 170 σελ.
|
| 650 |
|
4 |
|a Αναπαραγγωγή
|
| 650 |
|
4 |
|a Πατάτα
|
| 710 |
2 |
|
|a Centre for agricultural publishing and documentation
|
| 942 |
|
|
|2 ddc
|
| 952 |
|
|
|0 0
|1 0
|2 ddc
|4 0
|6 641_352000000000000_1_CIP
|7 0
|9 277523
|a MSLG
|b MSLG
|c BSC
|d 2021-01-17
|e 24
|f 0
|g 0.00
|l 0
|o 641.352 1 CIP
|p 2420000016235
|r 2021-01-17 00:00:00
|t 1
|w 2021-01-17
|y BK15
|x 19970101 0 1
|x GrPaTEI
|
| 971 |
|
|
|a .b25856248
|b 15-04-20
|c 14-09-16
|
| 999 |
|
|
|c 161274
|d 161274
|